Supporting statebuilding in situations of conflict and fragility policy guidance
Enregistré dans:
| Format: | Livre |
|---|---|
| Langue: | anglais |
| Publié: |
Paris
OECD
2011
|
| Collection: | DAC guidelines and reference series
|
| Sujets: | |
| Tags: |
Pas de tags, Soyez le premier à ajouter un tag!
|
MARC
| LEADER | 00000nam a2200000 4500 | ||
|---|---|---|---|
| 001 | 0142572 | ||
| 005 | 20240315121317.7 | ||
| 020 | |a 978-92-64-07496-5 | ||
| 041 | 0 | |a eng | |
| 044 | |a FR | ||
| 245 | 1 | 0 | |a Supporting statebuilding in situations of conflict and fragility |b policy guidance |
| 264 | 1 | |a Paris |b OECD |c 2011 | |
| 300 | |a 103 s. | ||
| 490 | 1 | |a DAC guidelines and reference series | |
| 830 | 0 | |a DAC guidelines and reference series | |
| 610 | 2 | 0 | |a štát |
| 610 | 2 | 0 | |a konflikty |
| 610 | 2 | 0 | |a konflikty etnické |
| 610 | 2 | 0 | |a konflikty medzinárodné |
| 610 | 2 | 0 | |a konflikty náboženské |
| 610 | 2 | 0 | |a spolupráca medzinárodná |
| 610 | 2 | 0 | |a hnutie mierové |
| 610 | 2 | 0 | |a politika bezpečnostná |
| 610 | 2 | 0 | |a politika mierová |
| 610 | 2 | 0 | |a spolužitie mierové |
| 610 | 2 | 0 | |a chudoba |
| 610 | 2 | 0 | |a vojny |
| 610 | 2 | 0 | |a bezpečnosť |
| 610 | 2 | 0 | |a bezpečnosť medzinárodná |